| 000 | 00550nam a22001937a 4500 | ||
|---|---|---|---|
| 003 | ARRUPE | ||
| 005 | 20251022102723.0 | ||
| 008 | 251022b |||||||| |||| 00| 0 eng d | ||
| 040 | _cAJU | ||
| 050 | _aRC521 | ||
| 100 |
_aToriez, Kat _952933 |
||
| 245 |
_aA journey of dementia through the eyes of a carer _cKat Toriez |
||
| 300 |
_3Book _bN/A _c23cm. |
||
| 300 | _a151pages. | ||
| 650 |
_aDementia _xPatience _xCare _952934 |
||
| 650 |
_aDementia _xPatience _xFamily relationships _952935 |
||
| 650 |
_aCaregivers _952911 |
||
| 942 |
_2lcc _cMONOGRAPH |
||
| 999 |
_c131973 _d131973 |
||